Cyclisme : Equipes UCI Women WorldTour 2023 - Statistiques

Statistiques générales
  • Ce quiz a été pris 22 fois
  • Le résultat moyen est 5 sur 15
Statistiques - réponses
Hint Réponse % Correct
NL DSM Firmenich
75%
NL Jumbo-Visma
75%
DE Canyon SRAM Racing
50%
FR FDJ SUEZ
50%
ES Movistar
50%
AE UAE Team ADQ
50%
NL SD Worx
42%
NO Uno-X Pro Cycling Team
33%
US Human Powered Health
25%
US Lidl - Trek
25%
AU Jayco AlUla
17%
US EF Education TIBCO SVB
8%
BE Fenix Deceuninck
8%
CH Israel Premier Tech Roland
8%
NL Liv Racing TeqFind
8%
Aucun quiz correspondant
Distribution des résultats
% des personnes avec chaque résultat
Percentile par nombre de réponses
Votre historique - résultats
Vous n’avez pas pris ce quiz